000 02776cam a2200349 i 4500
003 SA-RiAUC
005 20250918072325.0
008 250817s2005 xx g 00000cara c
024 0 _a00000000983057
040 _aSA-JeALM
_bara
_cSA-RiAUC
_dAE-DuMBRL
_erda
043 _aa-iq---
050 4 _b.A48 2005
082 0 4 _a920.00903
_qSA-RiAUC
090 _a920.00903
_bا ل و
100 1 _aالآلوسي، علي بن نعمان بن محمود،
_d1861-1921
_eمؤلف.
245 1 2 _aالدر المنتثر في رجال القرن الثاني عشر والثالث عشر /
_cللحاج علي علاء الدين الألوسي ؛ تحقيق جمال الدين الألوسي، عبد الله الجبوري. ويليه فواصل الجمان في أنباء وزراء وكتاب الزمان / محمد غريط.
264 1 _a[مكان النشر غير محدد] :
_bالدار العمرية،
_c2005
300 _a260 - 312 صفحة ؛
_c24 سم
336 _aنص
_btxt
_2rdacontent
_3كتاب
337 _aبدون وسيط
_bn
_2rdamedia
338 _aمجلد
_bnc
_2rdacarrier
505 0 _aالمحتويات:-ديباجة الكتاب-القسم الأول في أخبار الوزراء: الكاتب الوزير أبو عبد الله محمد بن أحمد كنسوس، الكاتب الوزير أبو عبد الله محمد بن إدريس العمروي، الرئيس الوزير أبو الصفاء المختار بن عبد الملك الجامعي، ولده الكاتب الوزير أبو المكارم العربي بن المختار، الكاتب الوزير أبو عبد الله محمد بن محمد غريط الأندلسي، الكاتب الوزير أبو عبد الله محمد بن عبد الله الصفار، الكاتب الوزير أبو محمد الطيب بن اليمني بو عشرين، ثورة الجلاتي المعجاز، الحاجب الوزير أبو عمران موسى بن أحمد بن مبارك، ثورة أبي عزة الهبري، ... وموضوعات أخرى.
650 7 _aتراجم
_2aucsh
650 7 _aتراجم
_yقرون 18-19
_2aucsh
651 7 _aالعراق
_vتراجم
_2aucsh
700 1 2 _aالآلوسي، علي بن نعمان بن محمود،
_d1861-1921.
_iتحقيق لـ (عمل) :
_tالدر المنتثر في رجال القرن الثاني عشر والثالث عشر
700 1 _aالآلوسي، جمال الدين،
_d1902-
_eمحقق.
700 1 _aالجبوري، عبد الله محمد،
_d1939-
_eمحقق.
700 1 2 _aغريط، محمد،
_d1880-1945.
_iمع (عمل) :
_tفواصل الجمان في أنباء وزراء وكتاب الزمان
942 _2ddc
_cBOOK
_n0
949 _aSA-JeALM
_d250817
_uosman123
_n1
999 _c11905
_d11905